| 000 | 00612nam a2200181 4500 | ||
|---|---|---|---|
| 008 | 160819b xxu||||| |||| 00| 0 eng d | ||
| 020 | _a9781843924104 | ||
| 082 |
_22009 _aDC 364.1323 _bD96 |
||
| 100 |
_913151 _aPunch, Maurice |
||
| 245 |
_aPolice corruption: _bdeviance, reform and accountability in policing/ _cMaurice Punch. |
||
| 260 |
_aCullompton: _bWillan Publishing, _c2009. |
||
| 300 |
_axiv, 281 pages; _c23 cm. |
||
| 500 | _aIncludes bibliographical references and index. | ||
| 650 | 0 |
_913154 _aPolice corruption |
|
| 650 | 0 |
_913155 _aPolice misconduct |
|
| 365 |
_aPhp _b3678.00 |
||
| 942 |
_2ddc _cDC |
||
| 999 |
_c3933 _d3933 |
||